Marmara Bölgesinde çevre kirlenmesi, İstanbul, 27- 30 eylül 1977 (Record no. 6196)

000 -LEADER
fixed length control field 00945nmm a2200253 a 4500
001 - CONTROL NUMBER
control field ocm000701275
003 - CONTROL NUMBER IDENTIFIER
control field TR-IsHL
005 - DATE AND TIME OF LATEST TRANSACTION
control field 20201028134438.0
008 - FIXED-LENGTH DATA ELEMENTS--GENERAL INFORMATION
fixed length control field 131121s1977 tu tur
007 - PHYSICAL DESCRIPTION FIXED FIELD--GENERAL INFORMATION
fixed length control field cr cn
035 ## - SYSTEM CONTROL NUMBER
System control number 701275
-- (N$T)
050 04 - LIBRARY OF CONGRESS CALL NUMBER
Classification number TD174
Item number .M37 1977
090 04 - LOCALLY ASSIGNED LC-TYPE CALL NUMBER (OCLC); LOCAL CALL NUMBER (RLIN)
Classification number (OCLC) (R) ; Classification number, CALL (RLIN) (NR) TD174
Local cutter number (OCLC) ; Book number/undivided call number, CALL (RLIN) .M37 1977
245 10 - TITLE STATEMENT
Title Marmara Bölgesinde çevre kirlenmesi, İstanbul, 27- 30 eylül 1977
Medium [electronic resource] /
Statement of responsibility, etc. İstanbul Ticaret Odası
260 ## - PUBLICATION, DISTRIBUTION, ETC.
Place of publication, distribution, etc. İstanbul :
Name of publisher, distributor, etc. İstanbul Ticaret Odası,
Date of publication, distribution, etc. 1977
300 ## - PHYSICAL DESCRIPTION
Extent 496 p.
650 #4 - SUBJECT ADDED ENTRY--TOPICAL TERM
Topical term or geographic name entry element Çevre Bilimleri
650 #4 - SUBJECT ADDED ENTRY--TOPICAL TERM
Topical term or geographic name entry element Environmental Sciences
650 #0 - SUBJECT ADDED ENTRY--TOPICAL TERM
Topical term or geographic name entry element Kirlenme
General subdivision Çevresel açıdan
-- Türkiye
650 #0 - SUBJECT ADDED ENTRY--TOPICAL TERM
Topical term or geographic name entry element Pollution
General subdivision Environmental aspects
-- Turkey
650 #7 - SUBJECT ADDED ENTRY--TOPICAL TERM
Topical term or geographic name entry element TECHNOLOGY & ENGINEERING / Environmental / Pollution Control
Source of heading or term bisacsh
700 1# - ADDED ENTRY--PERSONAL NAME
Personal name İstanbul Ticaret Odası
856 40 - ELECTRONIC LOCATION AND ACCESS
Uniform Resource Identifier <a href="http://search.ebscohost.com/login.aspx?direct=true&scope=site&db=e011xww&AN=701275">http://search.ebscohost.com/login.aspx?direct=true&scope=site&db=e011xww&AN=701275</a>
Holdings
Withdrawn status Lost status Source of classification or shelving scheme Damaged status Not for loan Collection code Permanent Location Current Location Date acquired Total Checkouts Full call number Barcode Date last seen Price effective from Koha item type
        Online   Kıbrıs Amerikan Üniversitesi Kütüphanesi / American University of Cyprus Kıbrıs Amerikan Üniversitesi Kütüphanesi / American University of Cyprus 28.10.2020   TD174 .M37 1977 701275 28.10.2020 28.10.2020 E-Kitap
Devinim Yazılım Eğitim Danışmanlık tarafından Koha'nın orjinal sürümü uyarlanarak geliştirilip kurulmuştur.